English Vocabulary in Use: upper-intermediate

Dades bibliogràfiques
Autor principal: McCarthy M. Michael
Altres autors: O'Dell F. Felicity
Idioma:anglès
Publicat: New York, Cambridge University Press, 2005
Matèries:
Format: MixedMaterials Llibre
KOHA link:https://koha.lib.tpu.ru/cgi-bin/koha/opac-detail.pl?biblionumber=133984

MARC

LEADER 00000nam0a2200000 4500
001 133984
005 20231031135521.0
010 |a 0521664357 
035 |a (RuTPU)RU\TPU\book\145228 
035 |a RU\TPU\book\145221 
090 |a 133984 
100 |a 20080325d2005 m y0engy50 ba 
101 0 |a eng 
102 |a US 
105 |a a j 001zy 
200 1 |a English Vocabulary in Use  |e upper-intermediate  |f M. McCarthy, F. O'Dell 
210 |a New York  |c Cambridge University Press  |d 2005 
215 |a 309 p.  |c il. 
320 |a Index: p. 281-307. 
610 1 |a английский язык 
610 1 |a учебные пособия 
610 1 |a лексика 
610 1 |a разговорная речь 
610 1 |a упражнения 
686 |a Ш143.21-923  |2 rubbk 
700 1 |a McCarthy  |b M.  |g Michael 
701 1 |a O'Dell  |b F.  |g Felicity 
801 2 |a RU  |b 63413507  |c 20221207  |g PSBO 
942 |c BK